Z bezprostrednej blízkosti

Bibliographic Details
Main Author: Rodríguez, Marco Antonio (Author)
Other Authors: Srnenská, Jarmila, 1928-2011 (Translator)
Format: Article
Language:Slovak
Subjects:

MARC

LEADER 00000nab a2200000 a 4500
001 vtls000457378
003 SK-MaSNL
005 20260304080246.0
008 250424c1992 xo 0 slo
015 |a SNBRB19rr/mm-uuuuu 
035 |a CL0457509 
035 |a urn:nbn:sk:snk-abbmtj 
035 |a (urnnbn)urn:nbn:sk:snk:ar-0046dc 
035 |a (uuid)3671aef0-df25-4835-a3b2-4d47c0eac33c 
040 |a SNKBUCL  |b slo  |c SNKBUCL  |e AACR2 
041 0 |a slo 
044 |a xo  |c SK 
080 |a 860 (866)-3  |2 1981 
100 1 |a Rodríguez, Marco Antonio  |4 aut  |9 1202010 
245 1 0 |a Z bezprostrednej blízkosti  |c Marco Antonio Rodríguez ; Jarmila Srnenská 
500 |a Z kn. poviedok Delfín a mesiac (1985). 
650 0 7 |a poviedky psychologické  |2 snkbucl  |9 893883 
655 7 |a články z novín a časopisov  |2 snkbucl  |9 267496 
700 1 |a Srnenská, Jarmila,  |d 1928-2011  |4 trl  |9 229348 
773 0 |t Revue svetovej literatúry  |g Roč. 28, č. 3 (1992), s. 129-130 
850 |a Slovenská národná knižnica 
852 |a Slovenská národná knižnica 
958 |a article15 
958 |a OND 
958 |a RK 
958 |a LX 
958 |a EUIPO 
999 |c 2785658  |d 2787588